|
|
|
|
| LEADER |
01022nam a2200301Ia 4500 |
| 001 |
EBC308964 |
| 003 |
MiAaPQ |
| 005 |
20200520144314.0 |
| 006 |
m o d | |
| 007 |
cr cn||||||||| |
| 008 |
020626s2003 enk s 000 0 eng d |
| 020 |
|
|
|z 1854182439
|
| 035 |
|
|
|a (MiAaPQ)EBC308964
|
| 035 |
|
|
|a (Au-PeEL)EBL308964
|
| 035 |
|
|
|a (CaPaEBR)ebr10071312
|
| 035 |
|
|
|a (OCoLC)60407989
|
| 040 |
|
|
|a MiAaPQ
|c MiAaPQ
|d MiAaPQ
|
| 050 |
|
4 |
|a HF5415
|b .K47 2003
|
| 100 |
1 |
|
|a Kermally, Sultan.
|
| 245 |
1 |
0 |
|a Gurus on marketing
|h [electronic resource] /
|c Sultan Kermally.
|
| 260 |
|
|
|a London :
|b Thorogood,
|c c2003.
|
| 300 |
|
|
|a 156 p.
|
| 533 |
|
|
|a Electronic reproduction. Ann Arbor, MI : ProQuest, 2015. Available via World Wide Web. Access may be limited to ProQuest affiliated libraries.
|
| 650 |
|
0 |
|a Marketing.
|
| 650 |
|
0 |
|a Marketing
|x Management.
|
| 655 |
|
4 |
|a Electronic books.
|
| 710 |
2 |
|
|a ProQuest (Firm)
|
| 856 |
4 |
0 |
|u https://ebookcentral.proquest.com/lib/matrademy/detail.action?docID=308964
|z Click to View
|